000 00778naa a22002657u 4500
001 03424
003 HDC
007 cr bn ---aaaaa
008 210109t2003 -us 000 0 eng
040 _aHDC
245 0 _aGrain Crops
260 _aFlorida :
_bCRC Press LLC.,
_c2003
300 _a109 pages
336 _atext
_2rdacontent
337 _acomputer
_2rdamedia
338 _aonline resource
_2rdacarrier
500 _aOriginal from book
650 _aAgriculture
_92036
650 _aAgronomy
_92744
650 _aGrain
_92769
856 _zRequest full-text at [email protected]
942 _2lcc
942 _cCHAP
942 _kEBCH 002428
999 _c810
_d810